000 00538nam a22001937a 4500
005 20240430092849.0
008 240430b |||||||| |||| 00| 0 eng d
020 _a8123908628
082 _a612
_bGRO-T
100 _aGrover J.K, Monica Malik
245 _aTextbook of Pharmacology for Nurses
_cGrover J.K, Monica Malik
250 _a2nd ed.
260 _aIndia ;
_bSatish kumar;
_c2010.
300 _axii,515p.
_bill;
_c21.5cm.
500 _ainclude index
650 _aMedical / Pharmacology
700 _aMonica Malik
999 _c35637
_d35637